Un peu de francais professionnel : ad uso delle scuole di avviamento industriale : petit cours de technologie du bois, des metaux et du batiment, pour les garcons des ecoles professionnelles et pour les menuisiers

Gespeichert in:
Bibliographische Detailangaben
1. Verfasser: Dolfin, Elda
Format: Buch
Sprache:Italienisch
Erschienen: Torino G. B. Paravia e C. 1956
Katalog:EDISCO:  Suchergebnis im Bibliothekskatalog
Schulbuchspezifische Eigenschaften:
Schlagworte:
Tags: Tag hinzufügen
Keine Tags, Fügen Sie den ersten Tag hinzu!
Hinzugefügt zu:30.04.2016
Geändert in:28.05.2020

MARC

LEADER 00000aam a22000005 4500
001 12450
003 OSt
005 20200528124639.0
008 160501s1956 it 000 0 ita
999 |c 12439  |d 12439 
040 |c Elena Facco - Padova - CUBI 
041 1 |a ita 
100 1 |a Dolfin, Elda  |9 3527 
245 0 0 |a Un peu de francais professionnel :   |b ad uso delle scuole di avviamento industriale : petit cours de technologie du bois, des metaux et du batiment, pour les garcons des ecoles professionnelles et pour les menuisiers /   |c Dolfin, Elda 
260 |a Torino  |b G. B. Paravia e C.  |c 1956 
300 |a IV, 158 p., 1/1 ;   |c in 8° 
510 3 |a L. 450 
546 |a ita 
650 |a Francese  |9 15 
655 |a Libro di lettura  |9 22 
690 |a Secondaria superiore  |x Professionale-industria e artigianato  |9 3528 
901 |a 5 
942 |2 ddc  |c BK 
999 |c edisco:12439  |d 12439